[Event "6th Agzamov Memorial"]
[Site "Tashkent UZB"]
[Date "2012.03.07"]
[Round "2"]
[White "Guseinov, G."]
[Black "Nakhbayeva, G."]
[Result "1-0"]
[WhiteElo "2616"]
[BlackElo "2276"]
[PlyCount "103"]
[EventDate "2012.03.06"]
[EventType "swiss"]
[EventRounds "9"]
[EventCountry "UZB"]
[Source "Mark Crowther"]
[SourceDate "2012.03.12"]

1. e4 e6 2. d4 d5 3. Nc3 Nf6 4. Bg5 Be7 5. e5 Nfd7 6. Bxe7 Qxe7 7. f4 O-O 8.
Nf3 c5 9. dxc5 Nc6 10. Qd2 Nxc5 11. O-O-O a6 12. Qe3 b5 13. Ne2 Bb7 14. Ned4
Nxd4 15. Rxd4 Ne4 16. Bd3 Rac8 17. Rd1 Rc7 18. Ng5 Nxg5 19. fxg5 g6 20. h4 b4
21. Qf4 a5 22. h5 Ra8 23. Be2 Ba6 24. Bg4 Bc4 25. Qf6 Qxf6 26. gxf6 Ra6 27. b3
Bb5 28. Kb2 h6 29. hxg6 fxg6 30. Rh1 Rac6 31. Bd1 h5 32. Rd2 Rc3 33. g4 Re3 34.
gxh5 g5 35. h6 Rxe5 36. Rf2 Be8 37. Bh5 Bxh5 38. Rxh5 Rf7 39. h7+ Kh8 40. Kc1
Rf5 41. Rxf5 exf5 42. Rh6 g4 43. Kd2 f4 44. Ke2 Rc7 45. Rg6 g3 46. Kf3 Kxh7 47.
Rg5 Rxc2 48. Kxf4 Rxa2 49. Rg7+ Kh6 50. Kxg3 Rb2 51. Rg8 Rxb3+ 52. Kg4 1-0

[Event "6th Agzamov Memorial"]
[Site "Tashkent UZB"]
[Date "2012.03.07"]
[Round "2"]
[White "Iordachescu, V."]
[Black "Artemenko, O."]
[Result "1-0"]
[WhiteElo "2644"]
[BlackElo "2298"]
[PlyCount "55"]
[EventDate "2012.03.06"]
[EventType "swiss"]
[EventRounds "9"]
[EventCountry "UZB"]
[Source "Mark Crowther"]
[SourceDate "2012.03.12"]

1. c4 e5 2. g3 Nf6 3. Bg2 c6 4. a3 d5 5. cxd5 cxd5 6. d4 exd4 7. Nf3 Nc6 8.
Nxd4 Bc5 9. Nxc6 bxc6 10. Qc2 Qb6 11. O-O Ng4 12. e3 Ba6 13. Rd1 O-O 14. b4 Be7
15. Bb2 Rac8 16. Nc3 Bc4 17. Na4 Qb5 18. Bd4 Rc7 19. Bh3 f5 20. Nc5 Bxc5 21.
Bxc5 Rff7 22. Qc3 Be2 23. Rd2 Rf6 24. Bg2 Re6 25. a4 Qa6 26. b5 cxb5 27. Bxd5
Bc4 28. axb5 1-0

[Event "6th Agzamov Memorial"]
[Site "Tashkent UZB"]
[Date "2012.03.07"]
[Round "2"]
[White "Karimov, I."]
[Black "Grachev, B."]
[Result "1/2-1/2"]
[WhiteElo "2324"]
[BlackElo "2705"]
[PlyCount "100"]
[EventDate "2012.03.06"]
[EventType "swiss"]
[EventRounds "9"]
[EventCountry "UZB"]
[Source "Mark Crowther"]
[SourceDate "2012.03.12"]

1. Nf3 d5 2. d4 Nf6 3. e3 Bg4 4. c4 c6 5. cxd5 Bxf3 6. Qxf3 cxd5 7. Bb5+ Nc6 8.
O-O e6 9. Nc3 Be7 10. Bd2 O-O 11. Rfc1 Na5 12. Na4 Ne4 13. Be1 a6 14. Bd3 b5
15. Nc5 Nxc5 16. dxc5 Nc4 17. b3 Ne5 18. Qe2 Rc8 19. b4 Bf6 20. Bc3 Nc4 21.
Bxf6 Qxf6 22. a4 g6 23. h3 Rb8 24. Ra2 Rfe8 25. axb5 axb5 26. Qf3 Qg7 27. Kh2
h5 28. Rcc2 h4 29. Qf4 Ne5 30. Be2 Nc6 31. Rab2 g5 32. Qd6 Qf6 33. Kg1 Kg7 34.
Bf1 Ne5 35. Ra2 g4 36. hxg4 Red8 37. Qc7 Rbc8 38. Qb7 Nxg4 39. Ra7 Rf8 40. Qe7
Qg6 41. Qxh4 Rh8 42. Qg3 Qh5 43. Qh3 Qg5 44. Qf3 Ne5 45. Qg3 Qxg3 46. fxg3 Nc6
47. Rb7 Nxb4 48. Rc1 Na2 49. Rc2 Nb4 50. Rc1 Na2 1/2-1/2

[Event "6th Agzamov Memorial"]
[Site "Tashkent UZB"]
[Date "2012.03.07"]
[Round "2"]
[White "Khailaev, M."]
[Black "Vakhidov, J."]
[Result "0-1"]
[WhiteElo "2185"]
[BlackElo "2396"]
[PlyCount "55"]
[EventDate "2012.03.06"]
[EventType "swiss"]
[EventRounds "9"]
[EventCountry "UZB"]
[Source "Mark Crowther"]
[SourceDate "2012.03.12"]

1. Nf3 Nf6 2. c4 g6 3. g3 Bg7 4. Bg2 d5 5. d4 dxc4 6. Qa4+ Nbd7 7. Nc3 O-O 8.
Qxc4 a6 9. O-O b5 10. Qd3 Bb7 11. Rd1 c5 12. a3 Qc8 13. Bh3 e6 14. Bf4 Re8 15.
Ne5 Nh5 16. Ne4 Rd8 17. Nxf7 Nxf4 18. gxf4 Bxe4 19. Qxe4 Kxf7 20. Qxe6+ Kf8 21.
dxc5 Nxc5 22. Qe3 Qc7 23. Rac1 Rxd1+ 24. Rxd1 Re8 25. Qd2 Ne4 26. Qd5 Qxf4 27.
f3 Qe3+ 28. Kg2 0-1

[Event "6th Agzamov Memorial"]
[Site "Tashkent UZB"]
[Date "2012.03.07"]
[Round "2"]
[White "Khamrakulov, D."]
[Black "Niyazmetov, R."]
[Result "1-0"]
[WhiteElo "2452"]
[BlackElo "2207"]
[PlyCount "63"]
[EventDate "2012.03.06"]
[EventType "swiss"]
[EventRounds "9"]
[EventCountry "UZB"]
[Source "Mark Crowther"]
[SourceDate "2012.03.12"]

1. e4 e6 2. d4 d5 3. Nd2 dxe4 4. Nxe4 Nd7 5. Nf3 Ngf6 6. Nxf6+ Nxf6 7. Bg5 Be7
8. Bd3 c5 9. c3 cxd4 10. Nxd4 Qd5 11. Nf3 O-O 12. Qe2 Rd8 13. Bc2 Bd7 14. a4 h6
15. Bh4 Bc6 16. O-O Qh5 17. Bg3 Bxf3 18. gxf3 Qg5 19. Rad1 Nd5 20. Kh1 g6 21.
Rg1 Nf4 22. Qe4 Nh3 23. Rgf1 Rxd1 24. Bxd1 Rd8 25. f4 Qf6 26. Bg4 h5 27. Bxh3
h4 28. Qxb7 hxg3 29. fxg3 Bc5 30. b4 Qe7 31. Bg2 Rd7 32. Qc8+ 1-0

[Event "6th Agzamov Memorial"]
[Site "Tashkent UZB"]
[Date "2012.03.07"]
[Round "2"]
[White "Kotsur, P."]
[Black "Anarkulov, A."]
[Result "1-0"]
[WhiteElo "2589"]
[BlackElo "2241"]
[PlyCount "67"]
[EventDate "2012.03.06"]
[EventType "swiss"]
[EventRounds "9"]
[EventCountry "UZB"]
[Source "Mark Crowther"]
[SourceDate "2012.03.12"]

1. e4 d6 2. d4 Nf6 3. Nc3 g6 4. f4 Bg7 5. Nf3 c6 6. Bd3 O-O 7. O-O Nbd7 8. e5
Nd5 9. Nxd5 cxd5 10. c3 Qb6 11. Qe1 e6 12. Kh1 Re8 13. Qh4 Nf8 14. g4 Bd7 15.
Rf2 Qd8 16. Qg3 f5 17. h4 b5 18. h5 b4 19. cxb4 Qb6 20. Bd2 Bb5 21. Bc2 Rac8
22. Bc3 Qa6 23. Nh4 dxe5 24. fxe5 g5 25. Nxf5 exf5 26. gxf5 Bh6 27. Bd2 Qb7 28.
Bxg5 Qg7 29. Rg1 Bxg5 30. f6 Bxf6 31. Qf4 Bg5 32. Rxg5 Ng6 33. Bxg6 Rc1+ 34.
Qxc1 1-0

[Event "6th Agzamov Memorial"]
[Site "Tashkent UZB"]
[Date "2012.03.07"]
[Round "2"]
[White "Potapov, P."]
[Black "Akhmetov, Ay"]
[Result "1-0"]
[WhiteElo "2473"]
[BlackElo "2211"]
[PlyCount "103"]
[EventDate "2012.03.06"]
[EventType "swiss"]
[EventRounds "9"]
[EventCountry "UZB"]
[Source "Mark Crowther"]
[SourceDate "2012.03.12"]

1. e4 e6 2. d4 d5 3. Nd2 Nf6 4. e5 Nfd7 5. Bd3 c5 6. c3 Nc6 7. Ngf3 g6 8. h4 h6
9. O-O g5 10. hxg5 hxg5 11. g4 Qb6 12. Qb3 Qc7 13. Qa4 c4 14. Be2 f6 15. Qc2
Ne7 16. Re1 fxe5 17. dxe5 Nxe5 18. Nxe5 Qxe5 19. Nf3 Qg7 20. Bf1 Nc6 21. Bg2
Be7 22. b4 a6 23. Be3 Bd7 24. a4 Bf6 25. Rac1 Ne5 26. Nxe5 Bxe5 27. Qd2 O-O-O
28. b5 axb5 29. axb5 Bxb5 30. Bxg5 Bh2+ 31. Kf1 Rdg8 32. f4 Rf8 33. Bf3 Qc7 34.
Ra1 Bxf4 35. Ra8+ Kd7 36. Qe2 Qe5 37. Qb2 Rh1+ 38. Bxh1 Bd2+ 39. Rxf8 Qxe1+ 40.
Kg2 Qe4+ 41. Kh2 Qe5+ 42. Kh3 Qxc3+ 43. Qxc3 Bxc3 44. Rf7+ Kc6 45. Re7 Kc5 46.
Rxe6 Bd7 47. Be7+ Kd4 48. Rd6 Bc6 49. Bf6+ Kc5 50. Rxc6+ Kxc6 51. Bxc3 Kc5 52.
g5 1-0

[Event "6th Agzamov Memorial"]
[Site "Tashkent UZB"]
[Date "2012.03.07"]
[Round "2"]
[White "Rustamov, Al"]
[Black "Ismagambetov, An"]
[Result "0-1"]
[WhiteElo "2205"]
[BlackElo "2471"]
[PlyCount "40"]
[EventDate "2012.03.06"]
[EventType "swiss"]
[EventRounds "9"]
[EventCountry "UZB"]
[Source "Mark Crowther"]
[SourceDate "2012.03.12"]

1. e4 c6 2. d4 d5 3. e5 Bf5 4. Bd3 Bxd3 5. Qxd3 e6 6. Nc3 Nd7 7. Nge2 Ne7 8.
O-O c5 9. f4 g6 10. g4 Nc6 11. f5 cxd4 12. fxe6 fxe6 13. Nb5 Ndxe5 14. Qg3 Qb6
15. a4 a6 16. Bf4 d3+ 17. Rf2 Bc5 18. Bxe5 Bxf2+ 19. Qxf2 Qxf2+ 20. Kxf2 O-O+
0-1

[Event "6th Agzamov Memorial"]
[Site "Tashkent UZB"]
[Date "2012.03.07"]
[Round "2"]
[White "Saiyn, Z."]
[Black "Saidov, B."]
[Result "0-1"]
[WhiteElo "2181"]
[BlackElo "2389"]
[PlyCount "64"]
[EventDate "2012.03.06"]
[EventType "swiss"]
[EventRounds "9"]
[EventCountry "UZB"]
[Source "Mark Crowther"]
[SourceDate "2012.03.12"]

1. d4 d5 2. Nf3 Nf6 3. c4 dxc4 4. e3 Be6 5. Nc3 c5 6. Ng5 Bg4 7. f3 Bh5 8. d5
h6 9. Nh3 e5 10. Bxc4 a6 11. a4 Bd6 12. Nf2 Bg6 13. e4 Nbd7 14. Be3 O-O 15. g4
Ne8 16. h4 h5 17. Qd2 Be7 18. O-O-O Nd6 19. Bd3 c4 20. Bb1 b5 21. Rdg1 b4 22.
Ne2 c3 23. Qd3 cxb2+ 24. Kxb2 Nb7 25. gxh5 Nbc5 26. Qd1 Qa5 27. hxg6 Nxa4+ 28.
Kc1 Rfc8+ 29. Kd2 b3+ 30. Nc3 Nxc3 31. gxf7+ Kf8 32. Qxb3 Rab8 0-1

[Event "6th Agzamov Memorial"]
[Site "Tashkent UZB"]
[Date "2012.03.07"]
[Round "2"]
[White "Tillyaev, U."]
[Black "Khusnutdinov, R."]
[Result "0-1"]
[WhiteElo "2214"]
[BlackElo "2500"]
[PlyCount "82"]
[EventDate "2012.03.06"]
[EventType "swiss"]
[EventRounds "9"]
[EventCountry "UZB"]
[Source "Mark Crowther"]
[SourceDate "2012.03.12"]

1. c4 Nf6 2. Nc3 d5 3. d4 g6 4. Bg5 Ne4 5. Nxe4 dxe4 6. Qd2 Bg7 7. e3 c5 8. d5
Nd7 9. Ne2 Ne5 10. Nc3 f5 11. Be2 O-O 12. d6 Qxd6 13. Nd5 Qd7 14. Bxe7 Rf7 15.
Bxc5 b5 16. Ne7+ Kh8 17. Qxd7 Nxd7 18. Ba3 Bf8 19. Nxc8 b4 20. c5 Bxc5 21. Bc4
Rf8 22. Nd6 bxa3 23. Nf7+ Kg7 24. Ng5 axb2 25. Rb1 Rfc8 26. Be6 Bb4+ 27. Kd1
Rd8 28. Ke2 Nc5 29. Rxb2 Na4 30. Rhb1 Nxb2 31. Rxb2 Kf6 32. Nf7 Re8 33. Bd5
Rab8 34. Rc2 Rec8 35. Rb2 Ba3 36. Rd2 Rb2 37. Rxb2 Bxb2 38. h4 Rc2+ 39. Kf1
Rc1+ 40. Ke2 Rh1 41. g3 Bc3 0-1

[Event "6th Agzamov Memorial"]
[Site "Tashkent UZB"]
[Date "2012.03.07"]
[Round "2"]
[White "Turaev, Hal"]
[Black "Kvon, A."]
[Result "0-1"]
[WhiteElo "2210"]
[BlackElo "2493"]
[PlyCount "60"]
[EventDate "2012.03.06"]
[EventType "swiss"]
[EventRounds "9"]
[EventCountry "UZB"]
[Source "Mark Crowther"]
[SourceDate "2012.03.12"]

1. d4 d5 2. e3 c5 3. c3 Nc6 4. dxc5 e5 5. b4 Nf6 6. Nf3 Qc7 7. Bb2 Be7 8. Nbd2
O-O 9. a3 Bg4 10. h3 Bh5 11. Qb3 Rad8 12. g4 Bg6 13. Nh4 Kh8 14. O-O-O a5 15.
Nxg6+ fxg6 16. f3 axb4 17. axb4 b6 18. cxb6 Qxb6 19. Re1 d4 20. exd4 exd4 21.
Nc4 Qb8 22. cxd4 Bxb4 23. Rd1 Nd5 24. Kb1 Rf7 25. Ne5 Nxe5 26. dxe5 Nc3+ 27.
Kc2 Nxd1 28. Qxf7 Rd2+ 29. Kc1 Nxb2 30. Bc4 Ba3 0-1

[Event "6th Agzamov Memorial"]
[Site "Tashkent UZB"]
[Date "2012.03.07"]
[Round "2"]
[White "Ulkhanov, A."]
[Black "Golod, V."]
[Result "0-1"]
[WhiteElo "2226"]
[BlackElo "2561"]
[PlyCount "128"]
[EventDate "2012.03.06"]
[EventType "swiss"]
[EventRounds "9"]
[EventCountry "UZB"]
[Source "Mark Crowther"]
[SourceDate "2012.03.12"]

1. e4 e5 2. Nf3 Nc6 3. d4 exd4 4. Nxd4 Bb4+ 5. c3 Bc5 6. Be3 Bb6 7. g3 Nf6 8.
Bg2 O-O 9. O-O Re8 10. Nxc6 bxc6 11. Bxb6 axb6 12. Re1 Re7 13. c4 Qe8 14. Nc3
d6 15. f4 Bb7 16. Qd3 Nd7 17. Re3 Nc5 18. Qc2 d5 19. b4 d4 20. Ree1 Na6 21. b5
Nc5 22. bxc6 Bxc6 23. Nd5 Bxd5 24. cxd5 d3 25. Qd2 Nxe4 26. Qxd3 Nc5 27. Qc3
Rxa2 28. d6 cxd6 29. Rxa2 Rxe1+ 30. Kf2 Re4 31. Qd2 Ra4 32. Rb2 Ra3 33. Qe2
Nd3+ 34. Kg1 Ra1+ 35. Bf1 Qxe2 36. Rxe2 g6 37. Rd2 Nc5 38. Rxd6 Ne4 39. Rd8+
Kg7 40. Kg2 Ra2+ 41. Kh3 h5 42. Rd7 Rd2 43. Rb7 Nf2+ 44. Kh4 Ng4 45. Bc4 Kh6
46. h3 Ne3 47. g4 Nxc4 48. Rxf7 hxg4 49. hxg4 g5+ 50. fxg5+ Kg6 51. Rf6+ Kg7
52. Rc6 b5 53. Rc7+ Kg6 54. Rb7 Rd5 55. Rb8 Ne5 56. Rb6+ Kg7 57. Rb7+ Nf7 58.
Kg3 Kg6 59. Kf4 Nxg5 60. Rb6+ Kf7 61. Rb7+ Ke8 62. Rb8+ Kd7 63. Rg8 Ne6+ 64.
Ke4 Rg5 0-1

[Event "6th Agzamov Memorial"]
[Site "Tashkent UZB"]
[Date "2012.03.08"]
[Round "3"]
[White "Aripov, I."]
[Black "Djuraev, S."]
[Result "1/2-1/2"]
[WhiteElo "2182"]
[BlackElo "2377"]
[PlyCount "118"]
[EventDate "2012.03.06"]
[EventType "swiss"]
[EventRounds "9"]
[EventCountry "UZB"]
[Source "Mark Crowther"]
[SourceDate "2012.03.12"]

1. d4 Nf6 2. c4 g6 3. Nc3 Bg7 4. e4 d6 5. Nge2 O-O 6. f3 e5 7. d5 Nh5 8. Be3 f5
9. Qd2 Nd7 10. Nc1 Ndf6 11. Bd3 fxe4 12. Bxe4 Nxe4 13. Nxe4 Bf5 14. Bg5 Qe8 15.
Nd3 Nf4 16. O-O Nxd3 17. Qxd3 Qd7 18. b3 Rf7 19. Bd2 Raf8 20. Qe3 Bxe4 21. fxe4
Qg4 22. Rxf7 Rxf7 23. h3 Qf4 24. Qe2 Qh4 25. Be1 Qe7 26. Bd2 h5 27. Re1 Kh7 28.
Qe3 b6 29. Rf1 Rxf1+ 30. Kxf1 Qh4 31. Ke2 a5 32. Kd3 Qd8 33. a4 Qf8 34. Qf3 Qe7
35. Qe3 Kg8 36. Qg3 Qf6 37. Qf3 Qh4 38. Qe3 Kf7 39. Be1 Qe7 40. Qf3+ Ke8 41.
Bd2 Bf6 42. Qg3 Qf7 43. Qf3 Qe7 44. Qg3 Qg7 45. Qf3 Kd8 46. g4 hxg4 47. Qxg4
Be7 48. Qe6 Qh7 49. b4 axb4 50. Bxb4 Qh6 51. Bd2 Qh8 52. Kc3 Qf8 53. Kb4 Qe8
54. Kb3 g5 55. a5 bxa5 56. Bxa5 Qf8 57. Kb4 Qe8 58. Kb3 Qf8 59. Kb4 Qe8 1/2-1/2

[Event "6th Agzamov Memorial"]
[Site "Tashkent UZB"]
[Date "2012.03.08"]
[Round "3"]
[White "Begmuratov, Alisher"]
[Black "Grachev, B."]
[Result "0-1"]
[WhiteElo "2199"]
[BlackElo "2705"]
[PlyCount "130"]
[EventDate "2012.03.06"]
[EventType "swiss"]
[EventRounds "9"]
[EventCountry "UZB"]
[Source "Mark Crowther"]
[SourceDate "2012.03.12"]

1. e4 c5 2. Nf3 e6 3. d4 cxd4 4. Nxd4 Nc6 5. Nxc6 bxc6 6. c4 Nf6 7. Nc3 e5 8.
Be3 Qa5 9. Qd2 Ng4 10. Bg5 Bc5 11. Bh4 Rb8 12. Be2 Nf6 13. Bxf6 gxf6 14. O-O
Bd4 15. Kh1 h5 16. a3 d6 17. b4 Qc7 18. Rac1 Bd7 19. Bd3 a5 20. Ne2 Qa7 21.
Nxd4 Qxd4 22. f4 axb4 23. axb4 h4 24. fxe5 fxe5 25. h3 Rg8 26. Rcd1 Be6 27. Qh6
Ra8 28. Be2 Qc3 29. Bg4 Bxg4 30. hxg4 h3 31. gxh3 Ra3 32. c5 Qxh3+ 33. Qxh3
Rxh3+ 34. Kg2 Rh4 35. Rxd6 Rgxg4+ 36. Kf3 Rxe4 37. Rxc6 Rhf4+ 38. Kg2 Rxf1 39.
Kxf1 Rxb4 40. Ke2 Rd4 41. Ke3 Kd7 42. Rb6 Ke7 43. c6 f6 44. Rb7+ Ke6 45. c7 Rc4
46. Kd3 Rc1 47. Rb6+ Kf5 48. Rb7 Kg5 49. Ke4 Rc5 50. Ke3 Kg4 51. Rb4+ Kf5 52.
Rb7 Kg5 53. Ra7 Kg4 54. Ra4+ Kf5 55. Ra7 Ke6 56. Ra6+ Ke7 57. Ke4 Rc4+ 58. Kf5
Rf4+ 59. Kg6 Kd7 60. Rc6 Kc8 61. Kf7 e4 62. Rc4 f5 63. Ke6 e3 64. Rc1 e2 65.
Re1 Kxc7 0-1

[Event "6th Agzamov Memorial"]
[Site "Tashkent UZB"]
[Date "2012.03.08"]
[Round "3"]
[White "Egin, V."]
[Black "Abdullaev, Mu"]
[Result "1-0"]
[WhiteElo "2412"]
[BlackElo "1964"]
[PlyCount "65"]
[EventDate "2012.03.06"]
[EventType "swiss"]
[EventRounds "9"]
[EventCountry "UZB"]
[Source "Mark Crowther"]
[SourceDate "2012.03.12"]

1. e4 d6 2. d4 g6 3. Nf3 Bg7 4. Be2 Nd7 5. O-O e5 6. Bg5 Ne7 7. Nc3 O-O 8. dxe5
dxe5 9. Qd2 f6 10. Be3 c6 11. Rfd1 Qc7 12. a4 b6 13. Bc4+ Kh8 14. Qd6 Qxd6 15.
Rxd6 Nc5 16. Bxc5 bxc5 17. Nd2 Rb8 18. b3 f5 19. Rd1 Bf6 20. Be2 Bb7 21. a5
Rbd8 22. Nc4 Ng8 23. Na4 Ba6 24. Nxc5 Rxd6 25. Rxd6 Bb5 26. Rd7 a6 27. Kf1 fxe4
28. Nxe4 Bg7 29. Ng5 Nf6 30. Rxg7 Kxg7 31. Ne6+ Kg8 32. Nxf8 Kxf8 33. Nxe5 1-0

[Event "6th Agzamov Memorial"]
[Site "Tashkent UZB"]
[Date "2012.03.08"]
[Round "3"]
[White "Holmirzaev, B."]
[Black "Farid, F."]
[Result "1-0"]
[WhiteElo "2363"]
[BlackElo "2251"]
[PlyCount "61"]
[EventDate "2012.03.06"]
[EventType "swiss"]
[EventRounds "9"]
[EventCountry "UZB"]
[Source "Mark Crowther"]
[SourceDate "2012.03.12"]

1. e4 c6 2. Nc3 d6 3. g3 g6 4. Bg2 Bg7 5. d3 e5 6. Nh3 Ne7 7. O-O O-O 8. Be3
Nd7 9. f4 f5 10. Kh1 Nf6 11. Qd2 Ng4 12. Bg1 Bd7 13. Nf2 Nh6 14. Nh3 Nf7 15.
Rae1 Qc7 16. Be3 fxe4 17. dxe4 Rad8 18. Ng1 Be6 19. b3 b6 20. Nf3 d5 21. exd5
Nxd5 22. Nxd5 Bxd5 23. Qc1 c5 24. c4 Bc6 25. fxe5 Nxe5 26. Bf4 Qb7 27. Bxe5
Bxf3 28. Rxf3 Rxf3 29. Bxg7 Kxg7 30. Re3 Rxe3 31. Bxb7 1-0

[Event "6th Agzamov Memorial"]
[Site "Tashkent UZB"]
[Date "2012.03.08"]
[Round "3"]
[White "Kasyan, A."]
[Black "Kotsur, P."]
[Result "1-0"]
[WhiteElo "2336"]
[BlackElo "2589"]
[PlyCount "70"]
[EventDate "2012.03.06"]
[EventType "swiss"]
[EventRounds "9"]
[EventCountry "UZB"]
[Source "Mark Crowther"]
[SourceDate "2012.03.12"]

1. c4 c5 2. Nc3 Nc6 3. g3 g6 4. Bg2 Bg7 5. d3 Nf6 6. e4 a6 7. Nge2 O-O 8. O-O
d6 9. h3 Rb8 10. a4 Ne8 11. Be3 Nc7 12. d4 cxd4 13. Nxd4 Ne6 14. Nde2 Nc5 15.
Rb1 Nb4 16. b3 a5 17. f4 b6 18. Nd4 Bb7 19. Nd5 e6 20. Nxb4 axb4 21. Qc2 Rc8
22. Rbd1 Qe7 23. Rfe1 d5 24. exd5 exd5 25. cxd5 f5 26. Nc6 Bxc6 27. dxc6 Ne4
28. Bxe4 fxe4 29. Bd4 Qe6 30. Bxg7 Kxg7 31. Rxe4 Qxh3 32. Re7+ Kh6 33. Rd3 Rfe8
34. Rxe8 Rxe8 35. Qd2 Qf5 1-0

[Event "6th Agzamov Memorial"]
[Site "Tashkent UZB"]
[Date "2012.03.08"]
[Round "3"]
[White "Khusnutdinov, R."]
[Black "Muminova, N."]
[Result "1-0"]
[WhiteElo "2500"]
[BlackElo "2327"]
[PlyCount "109"]
[EventDate "2012.03.06"]
[EventType "swiss"]
[EventRounds "9"]
[EventCountry "UZB"]
[Source "Mark Crowther"]
[SourceDate "2012.03.12"]

1. d4 d5 2. c4 e6 3. Nc3 Be7 4. Nf3 Nf6 5. Bg5 h6 6. Bxf6 Bxf6 7. e3 O-O 8. Rc1
c6 9. h4 Nd7 10. g4 Re8 11. g5 hxg5 12. hxg5 Bxg5 13. Nxg5 Qxg5 14. f4 Qf6 15.
Rc2 Kf8 16. Rg2 Ke7 17. Qd2 Kd8 18. e4 g6 19. Kd1 b6 20. e5 Qe7 21. Rh7 a5 22.
cxd5 exd5 23. Rxg6 Nf8 24. Rxc6 Nxh7 25. Nxd5 Bg4+ 26. Kc1 Qh4 27. Rd6+ Bd7 28.
Nxb6 Ra7 29. Nxd7 Re6 30. Rxe6 fxe6 31. Nc5 Nf8 32. Bg2 Qh2 33. b3 Rg7 34.
Qxa5+ Ke8 35. Bc6+ Kf7 36. Qd2 Qg1+ 37. Kb2 Rh7 38. Ka3 Rh2 39. Qc3 Qf2 40. Kb4
Qxa2 41. d5 Rf2 42. dxe6+ Nxe6 43. Bd5 Rxf4+ 44. Kb5 Qe2+ 45. Bc4 Qg2 46. Bxe6+
Kg7 47. Qd3 Rf3 48. Bd5 Rxd3 49. Bxg2 Re3 50. Be4 Kf7 51. Kc6 Ke7 52. b4 Kd8
53. b5 Kc8 54. b6 Rc3 55. e6 1-0

[Event "6th Agzamov Memorial"]
[Site "Tashkent UZB"]
[Date "2012.03.08"]
[Round "3"]
[White "Kvon, A."]
[Black "Primbetov, K."]
[Result "1-0"]
[WhiteElo "2493"]
[BlackElo "2220"]
[PlyCount "93"]
[EventDate "2012.03.06"]
[EventType "swiss"]
[EventRounds "9"]
[EventCountry "UZB"]
[Source "Mark Crowther"]
[SourceDate "2012.03.12"]

1. c4 Nf6 2. Nc3 d6 3. d4 e5 4. Nf3 Nbd7 5. Bg5 Be7 6. e3 c6 7. Qc2 Qc7 8. Be2
a6 9. O-O O-O 10. Rac1 Re8 11. Rfd1 exd4 12. Nxd4 Bf8 13. Rd2 g6 14. Rcd1 b6
15. Nxc6 Qxc6 16. Bf3 Qc5 17. Bxf6 Nxf6 18. Bxa8 Bf5 19. e4 Bg4 20. Bd5 Bxd1
21. Rxd1 Bg7 22. g3 Nxd5 23. Nxd5 b5 24. b3 bxc4 25. bxc4 Rb8 26. Qa4 Bd4 27.
Rd2 Kg7 28. Kg2 a5 29. Rc2 Be5 30. Rd2 Rb1 31. Ne7 Bf6 32. Rd5 Qb4 33. Qxb4
axb4 34. Nc8 Rb2 35. Nxd6 Be7 36. e5 Rxa2 37. Rb5 f6 38. Rb7 Kf8 39. Rb8+ Kg7
40. Re8 Bxd6 41. exd6 Rd2 42. c5 b3 43. Rb8 Rd5 44. c6 Rxd6 45. c7 Rc6 46. c8=Q
Rxc8 47. Rxc8 1-0

[Event "6th Agzamov Memorial"]
[Site "Tashkent UZB"]
[Date "2012.03.08"]
[Round "3"]
[White "Mamedov, Rau"]
[Black "Khamrakulov, D."]
[Result "1/2-1/2"]
[WhiteElo "2624"]
[BlackElo "2452"]
[PlyCount "45"]
[EventDate "2012.03.06"]
[EventType "swiss"]
[EventRounds "9"]
[EventCountry "UZB"]
[Source "Mark Crowther"]
[SourceDate "2012.03.12"]

1. e4 c5 2. Nf3 d6 3. d4 Nf6 4. Nc3 cxd4 5. Nxd4 a6 6. Be3 e5 7. Nf3 Qc7 8. a4
Be6 9. a5 Qc6 10. Ng5 d5 11. exd5 Bxd5 12. Nxd5 Nxd5 13. Bd2 f6 14. Nf3 Nb4 15.
Bxb4 Bxb4+ 16. c3 Be7 17. Bd3 Nd7 18. Qc2 g6 19. Be4 Qb5 20. Bd3 Qc6 21. Be4
Qb5 22. Bd3 Qc6 23. Be4 1/2-1/2

[Event "6th Agzamov Memorial"]
[Site "Tashkent UZB"]
[Date "2012.03.08"]
[Round "3"]
[White "Nodirjanova, N."]
[Black "Dzhumaev, M."]
[Result "0-1"]
[WhiteElo "2195"]
[BlackElo "2494"]
[PlyCount "90"]
[EventDate "2012.03.06"]
[EventType "swiss"]
[EventRounds "9"]
[EventCountry "UZB"]
[Source "Mark Crowther"]
[SourceDate "2012.03.12"]

1. d4 Nf6 2. c4 c5 3. d5 e6 4. Nc3 exd5 5. cxd5 Bd6 6. Nf3 O-O 7. g3 Bc7 8. Bg2
d6 9. O-O a6 10. a4 Re8 11. Nd2 Nbd7 12. Nc4 Ne5 13. Na3 Ba5 14. f4 Neg4 15.
Qd3 b5 16. axb5 axb5 17. Ncxb5 c4 18. Qf3 Bb6+ 19. Kh1 Bf5 20. Nc3 Nxh2 21.
Kxh2 Ng4+ 22. Kh1 Qf6 23. Bh3 Qh6 24. Qg2 Qh5 25. Rf3 Bc5 26. Ra2 Rxe2 27. Nxe2
Re8 28. Nxc4 Be4 29. Nd2 Bxd5 30. Ra5 Rxe2 31. Rxc5 Re1+ 32. Nf1 dxc5 33. Kg1
h6 34. Bd2 Ra1 35. Bxg4 Qxg4 36. Kf2 Bxf3 37. Ne3 Bxg2 38. Nxg4 Bd5 39. Ne3 Bc6
40. Nc4 Rh1 41. b4 Rh2+ 42. Ke1 cxb4 43. Bxb4 Rg2 44. Ne3 Rxg3 45. Nf5 Rg1+ 0-1

[Event "6th Agzamov Memorial"]
[Site "Tashkent UZB"]
[Date "2012.03.08"]
[Round "3"]
[White "Saidov, B."]
[Black "Mchedlishvili, M."]
[Result "1/2-1/2"]
[WhiteElo "2389"]
[BlackElo "2626"]
[PlyCount "122"]
[EventDate "2012.03.06"]
[EventType "swiss"]
[EventRounds "9"]
[EventCountry "UZB"]
[Source "Mark Crowther"]
[SourceDate "2012.03.12"]

1. e4 c5 2. Nf3 e6 3. c4 Nc6 4. Nc3 Nge7 5. d4 cxd4 6. Nxd4 Nxd4 7. Qxd4 Nc6 8.
Qe3 Be7 9. Be2 O-O 10. O-O d6 11. Rd1 e5 12. b3 Nd4 13. Bd3 Bg4 14. f3 Be6 15.
Ne2 Nc6 16. Bb2 Qa5 17. Kh1 Qc5 18. Qd2 h6 19. Nc3 a6 20. Bf1 Rfd8 21. Nd5 Bxd5
22. exd5 Bg5 23. Qe1 Nd4 24. Bd3 Re8 25. Qe4 g6 26. h4 Nf5 27. Qg4 Ne3 28. Qh3
Nxd1 29. Rxd1 Be3 30. h5 Qc8 31. Qxc8 Raxc8 32. hxg6 fxg6 33. Bxg6 Rf8 34. Re1
Bc5 35. Bc1 Rf6 36. Bd3 a5 37. a4 Kf7 38. Re4 Bf2 39. Bd2 b6 40. Re2 Bd4 41.
Be4 Kg7 42. g4 Rcf8 43. Kg2 Rh8 44. Kg3 h5 45. g5 h4+ 46. Kg4 Rff8 47. Kh3 Rf7
48. g6 Rff8 49. Bg5 Bc5 50. Rg2 Rh5 51. Rg4 Bb4 52. Bc1 Bc3 53. Rg1 Bd4 54. Rh1
Rhh8 55. Bg5 Bc5 56. Rh2 Rh5 57. Kg4 Rhh8 58. Rxh4 Rxh4+ 59. Kxh4 Rh8+ 60. Kg4
Rh1 61. Be7 Rg1+ 1/2-1/2

[Event "6th Agzamov Memorial"]
[Site "Tashkent UZB"]
[Date "2012.03.08"]
[Round "3"]
[White "Solodovnichenko, Y."]
[Black "Galyamov, V."]
[Result "1-0"]
[WhiteElo "2615"]
[BlackElo "2198"]
[PlyCount "61"]
[EventDate "2012.03.06"]
[EventType "swiss"]
[EventRounds "9"]
[EventCountry "UZB"]
[Source "Mark Crowther"]
[SourceDate "2012.03.12"]

1. e4 e6 2. d4 d5 3. Nc3 dxe4 4. Nxe4 Nd7 5. Nf3 Ngf6 6. Nxf6+ Nxf6 7. Bc4 Be7
8. O-O O-O 9. Qe2 b6 10. Rd1 Bb7 11. Ne5 Qc8 12. Bg5 c5 13. c3 Qc7 14. dxc5
bxc5 15. Bxf6 Bxf6 16. Nd7 Rfd8 17. Nxf6+ gxf6 18. Qg4+ Kf8 19. Qh4 Qc6 20. f3
Ke7 21. Qxh7 Rg8 22. Qd3 f5 23. Qe3 Kf6 24. Re1 Rg5 25. h4 Rg6 26. Rad1 Rag8
27. Rd2 Qxf3 28. Qe5+ Ke7 29. Qxc5+ Kf6 30. Qe5+ Ke7 31. Qd6+ 1-0